Clic Film ou Chanson ou les deux - Statistiques

Statistiques générales
  • Ce quiz a été pris 34 fois
  • Le résultat moyen est 21 sur 75
Statistiques - réponses
Hint Explanation Réponse % Correct
Noir c'est noir Pas encore de film avec ce titre Chanson
73%
Alexandrie, Alexandra Pas encore de film avec ce titre Chanson
73%
La Folle parade En anglais oui, le titre est Alexander's ragtime band Film
60%
Porque te vas Chanson de Cria Cuervos Chanson
53%
Les Bêtises De Sabine Paturel Les deux
53%
Quand j'étais chanteur De Michel Delpech Les deux
47%
Tous les garçons et les filles Une série télé s'est appelée Tous les garçons et les filles de leur âge Chanson
43%
Marche à l'ombre De Renaud Les deux
43%
Requiem pour un c. Chanson du Pacha Chanson
40%
Daddy cool De Maxime Govare Les deux
40%
Voyez comme on danse Extrait de Nous n'irons plus au bois Les deux
40%
Tu veux ou tu veux pas De Marcel Zanini Les deux
40%
Je t'aime, moi non plus De Serge Gainsbourg Les deux
40%
Elle l'adore Extrait de La groupie du pianiste de Michel Berger Les deux
37%
Baisers volés Un petit morceau de Que reste-t-il de nos amours de Trenet Les deux
37%
Toute première fois De Jeanne Mas Les deux
37%
Nouvelle vague De Richard Anthony Les deux
37%
Ma petite entreprise D'Alain Bashung Les deux
37%
Chantons sous la pluie Singin' in the rain en anglais Les deux
37%
J'irai où tu iras De Céline Dion et Jean-Jacques Goldman Les deux
37%
Mon père, ma mère, mes frères et mes sœurs… Extrait de Si j'avais un marteau de Claude François Les deux
33%
Cadet Rousselle Chanson traditionnelle Les deux
33%
Quand la mer monte... De Raoul de Godewarsvelde Les deux
33%
Venise n'est pas en Italie De Serge Reggiani Les deux
33%
La Marseillaise Hymne national Les deux
33%
Qui c'est les plus forts ? Extrait d'Allez les verts de Monty Les deux
33%
Embrassez qui vous voudrez Extrait de Nous n'irons plus au bois Les deux
33%
Mes amis, mes amours, mes emmerdes... Pas de film mais une série télé Chanson
30%
Sous les jupes des filles D'Alain Souchon Les deux
30%
Help ! Des Beatles Les deux
30%
Papa, maman, la bonne et moi Chanson de Robert Lamoureux ! Les deux
30%
Elle s'appelait Sarah Extrait de Comme toi de Jean-Jacques Goldman Les deux
30%
Mourir sur scène De Dalida. Pas de film, mais un roman s'en est inspiré, Mourir sur Seine Chanson
27%
Le Ciel, les Oiseaux et... ta mère ! Inspiré par Le ciel, le soleil et la mer de François Deguelt Film
27%
Le petit prince a dit Extrait de L'empereur, sa femme et le petit prince Les deux
27%
Zaï zaï zaï zaï Extrait de siffler sur la colline de Joe Dassin Les deux
27%
Sombre dimanche De Jacqueline Audry Les deux
27%
Parlez-moi de la pluie Extrait de L'orage de Georges Brassens Les deux
27%
A Paris dans chaque faubourg Chanson du film 14 juillet Chanson
23%
Mrs Robinson Chanson du Lauréat Chanson
23%
Une belle histoire Pas de film mais une série télé Chanson
23%
Ne me quitte pas Pas encore de film de ce titre Chanson
23%
Crustacés et Coquillages Inspiré par La Madrague de Brigitte Bardot Film
23%
Je me suis fait tout petit De Georges Brassens Les deux
23%
J'aime regarder les filles De Patrick Coutin Les deux
23%
On va s'aimer De Gilbert Montagné Les deux
23%
Si j'étais un homme De Diane Tell Les deux
23%
Amoureux de ma femme De Richard Anthony Les deux
23%
La belle que voilà Extrait de Nous n'irons plus au bois Les deux
23%
La Bamba Histoire du chanteur qui l'a popularisée Les deux
23%
Un avion sans aile De Charlélie Couture. Pas de film, mais un roman s'en est inspiré, Un avion sans elle Chanson
20%
Le plat pays Pas encore de film avec ce titre Chanson
20%
Merci patron ! Pas de film de ce titre mais un documentaire Chanson
20%
Si Paris nous était conté Un film de Guitry mais pas de chanson de ce titre Film
20%
Sea, No Sex and Sun De Serge Gainsbourg Les deux
20%
Les histoires d'amour finissent mal... en général Extrait de Les histoires d'A des Rita Mitsouko Les deux
20%
Vertiges de l'amour D'Alain Bashung Les deux
20%
De battre mon cœur s'est arrêté Extrait de La fille du Père Noël de Jacques Dutronc Les deux
20%
Fais pas ci, fais pas ça Pas de film mais une série télé Chanson
17%
Mon légionnaire Pas encore de film avec ce titre Chanson
17%
Quand on se promène au bord de l'eau Chanson du film La Belle équipe Chanson
17%
La poursuite infernale En anglais, oui, le titre est My darling Clementine Film
17%
En mai, fais ce qu'il te plait Proverbe Film
17%
Le rock du bagne En anglais oui, le titre est Jailhouse rock Film
17%
La Môme Surnom de Piaf mais pas de chanson Film
17%
Le chant du départ Chant militaire Les deux
17%
Qu'est-ce qu'on attend pour être heureux ? Pas de film mais une série télé Chanson
13%
Le chant du gardian Chanson du film Le soleil a toujours raison Chanson
13%
Nous irons tous au paradis Inspiré de On ira tous au paradis Film
13%
Ma vie en rose Référence à La vie en rose Film
13%
Laisse tes mains sur mes hanches Inspiré par Mes mains sur tes hanches de Salvatore Adamo Film
13%
J'aurais voulu être un danseur Inspiré du Blues du businessman Film
13%
Babette s'en-va-t'en guerre Inspiré par Malbrough s'en va-t-en guerre Film
13%
Un clair de lune à Maubeuge De Jean Chérasse Les deux
13%
Calling you Chanson de Bagdad Cafe Chanson
10%
Aucun quiz correspondant
Distribution des résultats
% des personnes avec chaque résultat
Percentile par nombre de réponses
Votre historique - résultats
Vous n’avez pas pris ce quiz